000 00387nab a22001097u 4500
008 130520b2003 xxu||||| |||| 00| 0 spa d
041 _aspa
100 1 _aAmmicht-Quinn, Regina
_958666
245 0 0 _a¿Es sagrada la dignidad? El ser humano, la máquina y el debate sobre la dignidad
_cRegina Ammicht-Quinn
773 0 _tConcilium
_gnº300,2003,págs. 39-54
_x0210-1041
_wRev134
942 _cAR
999 _c363797
_d363797